000 00342nam a22001457a 4500
008 210312b ||||| |||| 00| 0 eng d
020 _a0321927338
041 _aeng
080 _26th
_a510
082 _26th
_a510
100 _a36
101 _aMAT
245 _aA Graphical Approach to Algebra & Trigonometry
_cHornsby,J
942 _2udc
_cBK
999 _c56496
_d56496